[Event "Junior Online 4NCL Division 3"]
[Site "online"]
[Date "2022.03.03"]
[EventDate "2022.03.03"]
[Round "4.134"]
[White "Fernandes, Dion"]
[WhiteElo "1000"]
[WhiteTeam "KEGS B"]
[Black "Tracey, Reuben"]
[BlackElo "773"]
[BlackTeam "Desert Penguins Neptune"]
[Result "0-1"]
[PlyCount "138"]

1. e4 c5 2. Nf3 d6 3. Bc4 e6 4. d3 Nf6 5. Nc3 Be7 6. Be3 a6 7. d4 cxd4 8. Bxd4 Nbd7 9. e5 dxe5 10. Bxe5 Nxe5 11. Qxd8+ Bxd8 12. Nxe5 b5 13. Be2 Bc7 14. Bf3 Rb8 15. Nc6 Ra8 16. O-O-O Bb7 17. Nd4 Rb8 18. Bxb7 Rxb7 19. Nc6 b4 20. Na4 O-O 21. Nc5 Rb6 22. Ne7+ Kh8 23. Nd7 Nxd7 24. Rxd7 Bf4+ 25. Kb1 Be5 26. Rhd1 h6 27. g3 Re8 28. f4 Bf6 29. Nc8 Rxc8 30. Rxf7 e5 31. fxe5 Bxe5 32. b3 Rd6 33. Re1 Bc3 34. Ref1 Rcd8 35. Rf8+ Kh7 36. Rxd8 Rxd8 37. Rh1 Rd2 38. h4 Kg8 39. g4 g5 40. hxg5 hxg5 41. Kc1 Rd4 42. Rg1 Bd2+ 43. Kd1 Be3+ 44. Ke2 Bxg1 45. Kf3 Rd2 46. Ke4 Rxc2 47. Kf5 Rxa2 48. Kxg5 Ra3 49. Kf6 Rxb3 50. g5 Rg3 51. Kg6 b3 52. Kf6 b2 53. g6 b1=Q 54. g7 Qb2+ 55. Kf5 Qxg7 56. Ke6 Qf8 57. Kd5 Qe7 58. Kc6 Qd8 59. Kb7 Rg7+ 60. Kxa6 Qd6+ 61. Kb5 Rg5+ 62. Kc4 Qd4+ 63. Kb3 Rg3+ 64. Kc2 Qc3+ 65. Kd1 Rg4 66. Ke2 Rf4 67. Kd1 Rd4+ 68. Ke2 Qe3+ 69. Kf1 Qf2# 0-1

[Event "Junior Online 4NCL Division 3"]
[Site "online"]
[Date "2022.03.03"]
[EventDate "2022.03.03"]
[Round "4.135"]
[White "Siriwardana, Dinil"]
[WhiteElo "1255"]
[WhiteTeam "KEGS B"]
[Black "Nikolov, Alexander"]
[BlackElo "1477"]
[BlackTeam "Desert Penguins Neptune"]
[Result "0-1"]
[PlyCount "114"]

1. e4 c5 2. Bc4 d6 3. Nc3 Nf6 4. Nf3 e6 5. O-O Be7 6. d3 a6 7. a4 Nbd7 8. Bg5 Nb6 9. b3 Nxc4 10. bxc4 O-O 11. d4 cxd4 12. Qxd4 h6 13. Bh4 Bd7 14. e5 dxe5 15. Qxe5 Bc6 16. Qe3 Qc7 17. Ne5 Rfd8 18. f4 Rd6 19. f5 exf5 20. Rxf5 Re6 21. Bg3 Qa5 22. Rd1 Bc5 23. Rd4 Bxd4 24. Qxd4 Rd8 25. Qe3 Qb4 26. Ne2 Bxa4 27. c3 Qb1+ 28. Rf1 Rd1 29. Qf2 Rxf1+ 30. Qxf1 Qxf1+ 31. Kxf1 Ne4 32. Nd3 Nxg3+ 33. hxg3 Bc6 34. Nd4 Rd6 35. Ke2 Bxg2 36. Nf4 Bc6 37. Nf5 Rf6 38. Ne7+ Kf8 39. Nc8 g5 40. Nh5 Re6+ 41. Kd3 Be4+ 42. Kd4 Bg6 43. g4 Bxh5 44. gxh5 g4 45. Nb6 Rxb6 46. Ke3 Rf6 47. c5 g3 48. c6 bxc6 49. c4 g2 50. c5 g1=Q+ 51. Kd3 Qe1 52. Kd4 Rf4+ 53. Kd3 Qe4+ 54. Kc3 Rf3+ 55. Kd2 Qg4 56. Ke2 Qg2+ 57. Ke1 Rf1# 0-1

[Event "Junior Online 4NCL Division 3"]
[Site "online"]
[Date "2022.03.03"]
[EventDate "2022.03.03"]
[Round "4.136"]
[White "Donati Plutino, Francesco Rodolfo"]
[WhiteElo "1149"]
[WhiteTeam "Desert Penguins Neptune"]
[Black "Poon, Evan"]
[BlackElo "1300"]
[BlackTeam "KEGS B"]
[Result "0-1"]
[PlyCount "128"]

1. d4 d5 2. c4 dxc4 3. Nc3 e6 4. Bf4 Nc6 5. e3 Nf6 6. Bxc4 Bb4 7. Qc2 Ne7 8. Nf3 b6 9. Bd3 Bb7 10. Be2 Ned5 11. O-O Nxf4 12. exf4 O-O 13. Ne5 Nd5 14. Bf3 Rb8 15. Ne4 Nxf4 16. Qb3 Bd6 17. Rad1 Ng6 18. Nxg6 hxg6 19. Ng5 Qxg5 20. d5 exd5 21. Bxd5 Qe5 22. g3 Bxd5 23. Rxd5 Qe6 24. Rfd1 Rfd8 25. Qf3 Be7 26. Rxd8+ Rxd8 27. Rc1 Bc5 28. b4 Bd6 29. b5 Qxa2 30. Rd1 Qc2 31. Rd4 Qc5 32. Rd5 Qc1+ 33. Kg2 Be7 34. Re5 Kf8 35. Qe2 Bf6 36. Re4 Qc5 37. Re3 Qd5+ 38. f3 Qd2 39. Kh3 Qxe2 40. Rxe2 Rd5 41. g4 Rxb5 42. f4 Rb3+ 43. Kg2 a5 44. Rc2 Rb2 45. Rxb2 Bxb2 46. Kf3 a4 47. Ke3 a3 48. Kd2 a2 49. Kc2 a1=Q 50. Kd3 Qa3+ 51. Ke4 Qh3 52. g5 Qxh2 53. Kf3 Bc1 54. Ke4 Qxf4+ 55. Kd5 Qd6+ 56. Ke4 Bxg5 57. Kf3 Qd4 58. Kg2 Qe3 59. Kf1 Qd2 60. Kg1 b5 61. Kf1 b4 62. Kg1 b3 63. Kf1 b2 64. Kg1 b1=Q# 0-1

[Event "Junior Online 4NCL Division 3"]
[Site "online"]
[Date "2022.03.03"]
[EventDate "2022.03.03"]
[Round "4.137"]
[White "Badhrinath, Adhvaith B"]
[WhiteElo "1177"]
[WhiteTeam "KEGS B"]
[Black "Mourat, Emil"]
[BlackElo "874"]
[BlackTeam "Desert Penguins Neptune"]
[Result "1-0"]
[PlyCount "51"]

1. e4 c5 2. Nf3 d6 3. d4 cxd4 4. Nxd4 e6 5. Nc3 a6 6. Be3 Be7 7. Be2 Nf6 8. O-O O-O 9. f4 Nbd7 10. Bf3 e5 11. Nf5 b5 12. a4 b4 13. Nd5 Nxd5 14. Qxd5 Nb6 15. Nxe7+ Kh8 16. Bxb6 Qxb6+ 17. Kh1 Be6 18. Qd2 Bc4 19. Rfe1 g6 20. f5 Qc7 21. f6 a5 22. Qh6 Rg8 23. Bg4 Qd8 24. Rad1 Qf8 25. Nxg8 Qxg8 26. Rxd6 1-0

[Event "Junior Online 4NCL Division 3"]
[Site "online"]
[Date "2022.03.03"]
[EventDate "2022.03.03"]
[Round "4.138"]
[White "Tracey, Reuben"]
[WhiteElo "773"]
[WhiteTeam "Desert Penguins Neptune"]
[Black "Fernandes, Dion"]
[BlackElo "1000"]
[BlackTeam "KEGS B"]
[Result "0-1"]
[PlyCount "80"]

1. d4 d5 2. c4 dxc4 3. e3 b5 4. a4 b4 5. Bxc4 e6 6. Nf3 Nf6 7. O-O Bb7 8. Qe2 Bd6 9. Nbd2 a5 10. b3 Nc6 11. Bb5 O-O 12. e4 e5 13. dxe5 Nxe5 14. Nxe5 Bxe5 15. Nc4 Bxa1 16. Bg5 c6 17. Rd1 Qb8 18. Rxa1 cxb5 19. Bxf6 gxf6 20. Qg4+ Kh8 21. Ne3 Rg8 22. Qd7 Rg7 23. Qxb5 Qc7 24. Nf5 Rg5 25. Qe2 Rc8 26. Qd2 Bxe4 27. Nd4 Rxg2+ 28. Kf1 Qxh2 29. Qe3 Rg1+ 30. Ke2 Qh5+ 31. f3 Rxa1 32. Qxe4 Qh2+ 33. Ke3 Re1+ 34. Kd3 Rxe4 35. Kxe4 f5+ 36. Kxf5 Rc5+ 37. Kf6 Qf4+ 38. Ke7 Qe5+ 39. Kxf7 Rc7+ 40. Kf8 Qe7# 0-1

[Event "Junior Online 4NCL Division 3"]
[Site "online"]
[Date "2022.03.03"]
[EventDate "2022.03.03"]
[Round "4.141"]
[White "Satish, Shiva"]
[WhiteElo "1219"]
[WhiteTeam "Charlton Lions"]
[Black "Tengayev, Arman"]
[BlackElo "1326"]
[BlackTeam "Desert Penguins Jupiter"]
[Result "0-1"]
[PlyCount "30"]

1. e4 c5 2. Nf3 d6 3. d4 cxd4 4. Nxd4 Nf6 5. Nc3 e6 6. f3 Be7 7. Be3 O-O 8. Qd2 a6 9. O-O-O b5 10. h4 Bb7 11. h5 h6 12. g4 d5 13. Bxh6 gxh6 14. Qxh6 Nh7 15. exd5 Bg5+ 0-1

[Event "Junior Online 4NCL Division 3"]
[Site "online"]
[Date "2022.03.03"]
[EventDate "2022.03.03"]
[Round "4.143"]
[White "McMullan, Brian"]
[WhiteElo "1222"]
[WhiteTeam "Charlton Lions"]
[Black "Cleanis, Theo"]
[BlackElo "1151"]
[BlackTeam "Desert Penguins Jupiter"]
[Result "0-1"]
[PlyCount "82"]

1. e4 c5 2. Bc4 d6 3. d3 e6 4. Nc3 Nf6 5. Bg5 Be7 6. Nf3 Nbd7 7. Qd2 O-O 8. O-O-O a6 9. d4 cxd4 10. Qxd4 b5 11. Bb3 Bb7 12. Rhe1 Rc8 13. a3 Rc7 14. Rd2 Qc8 15. Rd3 Qd8 16. h3 Nc5 17. Rde3 Nxb3+ 18. cxb3 Qc8 19. Kb1 Rd7 20. Rd3 Re8 21. Qe3 Qa8 22. e5 dxe5 23. Rxd7 Nxd7 24. Bxe7 Rxe7 25. Ne4 Bxe4+ 26. Qxe4 Qxe4+ 27. Rxe4 f6 28. Ka2 Kf7 29. g4 g5 30. a4 bxa4 31. bxa4 Nc5 32. Rc4 Nd3 33. Rc6 Nb4+ 34. Ka3 Nxc6 35. b3 Rb7 36. Nd2 Nd4 37. f3 f5 38. gxf5 exf5 39. a5 h5 40. b4 Nc2+ 41. Ka4 Rxb4# 0-1

[Event "Junior Online 4NCL Division 3"]
[Site "online"]
[Date "2022.03.03"]
[EventDate "2022.03.03"]
[Round "4.144"]
[White "Dane, James"]
[WhiteElo "1183"]
[WhiteTeam "Desert Penguins Jupiter"]
[Black "Pathmaseelan, William"]
[BlackElo "612"]
[BlackTeam "Charlton Lions"]
[Result "1-0"]
[PlyCount "63"]

1. d4 d5 2. c4 dxc4 3. e3 e6 4. Bxc4 Bd6 5. Nc3 Nf6 6. Nf3 O-O 7. O-O Nfd7 8. e4 e5 9. d5 f5 10. exf5 Rf6 11. Bg5 h6 12. Bxf6 Nxf6 13. Qe2 Nh7 14. Nxe5 a5 15. Nf3 Ra6 16. Bxa6 bxa6 17. Ne4 Bf4 18. Nc5 Bxf5 19. Nxa6 Nxa6 20. Qxa6 Be4 21. Qe6+ Kf8 22. Qxe4 Bd6 23. Nd4 Nf6 24. Qf5 Qe8 25. Ne6+ Kf7 26. Rfe1 Qa8 27. Rac1 c6 28. Rxc6 Bb8 29. Nd8+ Kf8 30. Rce6 Kg8 31. Qg6 Nxd5 32. Re8# 1-0

[Event "Junior Online 4NCL Division 3"]
[Site "online"]
[Date "2022.03.03"]
[EventDate "2022.03.03"]
[Round "4.145"]
[White "Tengayev, Arman"]
[WhiteElo "1326"]
[WhiteTeam "Desert Penguins Jupiter"]
[Black "Satish, Shiva"]
[BlackElo "1219"]
[BlackTeam "Charlton Lions"]
[Result "0-1"]
[PlyCount "68"]

1. d4 d5 2. c4 e6 3. Nc3 Nf6 4. Bg5 Nbd7 5. e3 c6 6. Nf3 Bd6 7. cxd5 cxd5 8. Bd3 h6 9. Bh4 O-O 10. O-O Qc7 11. Ne2 Ng4 12. Bg3 Bxg3 13. Nxg3 e5 14. dxe5 Ndxe5 15. Nxe5 Qxe5 16. b3 Re8 17. Re1 Qf6 18. Rf1 Qh4 19. h3 Ne5 20. Be2 Be6 21. Rc1 Rac8 22. Qd2 Re7 23. Rxc8+ Bxc8 24. Qxd5 Nc6 25. Rc1 Re5 26. Qd2 Re6 27. Bg4 Re8 28. Bxc8 Rxc8 29. Qd7 Rb8 30. Nf5 Qb4 31. Nd4 Qa3 32. Nxc6 Qxc1+ 33. Kh2 Qxc6 34. Qg4 Qc2 0-1

[Event "Junior Online 4NCL Division 3"]
[Site "online"]
[Date "2022.03.03"]
[EventDate "2022.03.03"]
[Round "4.147"]
[White "Cleanis, Theo"]
[WhiteElo "1151"]
[WhiteTeam "Desert Penguins Jupiter"]
[Black "McMullan, Brian"]
[BlackElo "1222"]
[BlackTeam "Charlton Lions"]
[Result "1/2-1/2"]
[PlyCount "108"]

1. d4 d5 2. c4 dxc4 3. e3 e6 4. Bxc4 Bd6 5. Nc3 Nf6 6. Nf3 O-O 7. O-O c5 8. dxc5 Bxc5 9. b3 Nc6 10. Bb2 b6 11. Nb5 Bb7 12. Qxd8 Rfxd8 13. Rad1 Ba6 14. Nc7 Bxc4 15. Nxa8 Bxf1 16. Rxd8+ Nxd8 17. Kxf1 Bd6 18. Be5 Bxe5 19. Nxe5 g6 20. Nc7 a5 21. a4 Nb7 22. Nd3 Ne4 23. Ke2 Nbc5 24. Nxc5 Nxc5 25. Na8 Nd7 26. Kf3 f5 27. Kf4 Kf7 28. h4 Kf6 29. f3 h5 30. Nc7 Nc5 31. Na8 Nd3+ 32. Kg3 Nc5 33. Nxb6 Nxb3 34. Nc4 Nc5 35. Nxa5 Nxa4 36. Nc4 Nc5 37. Kf2 Nd3+ 38. Ke2 Ne5 39. Nxe5 Kxe5 40. g3 Kf6 41. f4 e5 42. fxe5+ Kxe5 43. Kf3 Kf6 44. Kf4 Kg7 45. Kg5 Kf7 46. Kh6 Kf6 47. Kh7 g5 48. hxg5+ Kxg5 49. Kg7 Kg4 50. Kh6 h4 51. gxh4 Kxh4 52. Kg6 Kg4 53. Kf6 f4 54. exf4 Kxf4 1/2-1/2

[Event "Junior Online 4NCL Division 3"]
[Site "online"]
[Date "2022.03.03"]
[EventDate "2022.03.03"]
[Round "4.148"]
[White "Pathmaseelan, William"]
[WhiteElo "612"]
[WhiteTeam "Charlton Lions"]
[Black "Dane, James"]
[BlackElo "1183"]
[BlackTeam "Desert Penguins Jupiter"]
[Result "0-1"]
[PlyCount "68"]

1. e4 c5 2. Bc4 d6 3. Nc3 Nc6 4. Nd5 e6 5. Ne3 Nf6 6. f3 Be7 7. d3 O-O 8. f4 Nd4 9. c3 Nc6 10. Nf3 a6 11. O-O b5 12. Bb3 Bb7 13. Nc2 Ng4 14. h3 Nf6 15. c4 b4 16. a3 bxa3 17. bxa3 Qb6 18. d4 Qxb3 19. Kh1 Qxc4 20. Nd2 Qb5 21. dxc5 Qxc5 22. a4 Nd4 23. Rb1 Bxe4 24. Nxe4 Nxe4 25. Rb7 Nxc2 26. Rxe7 Ne3 27. Qe1 Nxf1 28. Qxe4 Ng3+ 29. Kh2 Nxe4 30. f5 e5 31. Rb7 Qxc1 32. Re7 Qf4+ 33. Kh1 Rab8 34. f6 Rb1# 0-1

[Event "Junior Online 4NCL Division 3"]
[Site "online"]
[Date "2022.03.03"]
[EventDate "2022.03.03"]
[Round "4.151"]
[White "Miles, Connor"]
[WhiteElo "1456"]
[WhiteTeam "Brentwood School B"]
[Black "Gelmini, Gabriel"]
[BlackElo "1389"]
[BlackTeam "Muswell Hill Knights"]
[Result "1-0"]
[PlyCount "53"]

1. d4 Nf6 2. Bf4 e6 3. Nc3 Bb4 4. Nf3 O-O 5. e3 Ne4 6. Rb1 Bxc3+ 7. bxc3 Nxc3 8. Qc1 Nxb1 9. Qxb1 c6 10. Bd3 d5 11. c3 h6 12. Ne5 Nd7 13. Ng4 Nf6 14. Ne5 Re8 15. g4 Qa5 16. Qd1 Qxc3+ 17. Kf1 Nd7 18. g5 hxg5 19. Bxg5 f6 20. Qh5 fxe5 21. Qxe8+ Nf8 22. Bg6 Qc1+ 23. Kg2 Qa3 24. h4 Qxa2 25. Qf7+ Kh8 26. Bf6 Nxg6 27. Qxg7# 1-0

[Event "Junior Online 4NCL Division 3"]
[Site "online"]
[Date "2022.03.03"]
[EventDate "2022.03.03"]
[Round "4.153"]
[White "Ferdhaus, Yahya"]
[WhiteElo "1124"]
[WhiteTeam "Brentwood School B"]
[Black "Marks, Rory"]
[BlackElo "1143"]
[BlackTeam "Muswell Hill Knights"]
[Result "1-0"]
[PlyCount "91"]

1. e4 e5 2. Nf3 Nc6 3. Bc4 Bc5 4. Nc3 Nf6 5. Ng5 O-O 6. Nf3 d6 7. d3 h6 8. Be3 Bxe3 9. fxe3 Bg4 10. h3 Bh5 11. g4 Nxg4 12. hxg4 Bxg4 13. Rg1 Qh4+ 14. Nxh4 Bxd1 15. Nxd1 Nb4 16. Bb3 a5 17. a3 Nc6 18. Nc3 a4 19. Nxa4 b5 20. Nc3 Rfe8 21. O-O-O Na5 22. Nd5 Rac8 23. Nf5 Nxb3+ 24. cxb3 g6 25. Nfe7+ Kg7 26. Nxc8 Rxc8 27. Rdf1 c6 28. Nf6 c5 29. Nh5+ Kg8 30. Nf6+ Kg7 31. Rf2 c4 32. dxc4 bxc4 33. Nh5+ Kg8 34. Ng3 cxb3+ 35. Kb1 Kg7 36. Nf5+ Kf6 37. Nxd6+ Kg7 38. Nxc8 g5 39. Nd6 f6 40. Nf5+ Kg6 41. Rh1 h5 42. Rg2 g4 43. a4 g3 44. Nxg3 h4 45. Nf5+ Kh5 46. Rxh4# 1-0

[Event "Junior Online 4NCL Division 3"]
[Site "online"]
[Date "2022.03.03"]
[EventDate "2022.03.03"]
[Round "4.154"]
[White "Gelmini, Leonardo"]
[WhiteElo "1032"]
[WhiteTeam "Muswell Hill Knights"]
[Black "Van Enckevort, Noah"]
[BlackElo "1034"]
[BlackTeam "Brentwood School B"]
[Result "1-0"]
[PlyCount "73"]

1. c4 e5 2. Nc3 Nc6 3. g3 Nf6 4. Bg2 Na5 5. d3 Bc5 6. Nf3 Ng4 7. e3 b6 8. Bd2 Bb7 9. a3 Qf6 10. b4 Bxe3 11. Bxe3 Nxe3 12. fxe3 Nc6 13. b5 Na5 14. Nd5 Qd6 15. Nc3 c6 16. bxc6 dxc6 17. Ne4 Qg6 18. Nxe5 Qf5 19. Rf1 Qxe5 20. Rb1 O-O-O 21. d4 Qe6 22. Ng5 Qxc4 23. Nxf7 Rhf8 24. Nxd8 Rxf1+ 25. Bxf1 Kxd8 26. Bxc4 Nxc4 27. a4 c5 28. dxc5+ Kc7 29. cxb6+ axb6 30. Qc2 Bd5 31. e4 Bg8 32. Rb4 Kb7 33. a5 Ka6 34. axb6 Ka5 35. Rxc4 Kxb6 36. Rb4+ Ka5 37. Qa4# 1-0

[Event "Junior Online 4NCL Division 3"]
[Site "online"]
[Date "2022.03.03"]
[EventDate "2022.03.03"]
[Round "4.155"]
[White "Gelmini, Gabriel"]
[WhiteElo "1389"]
[WhiteTeam "Muswell Hill Knights"]
[Black "Miles, Connor"]
[BlackElo "1456"]
[BlackTeam "Brentwood School B"]
[Result "1-0"]
[PlyCount "127"]

1. c4 Nf6 2. g3 g6 3. Bg2 Bg7 4. Nc3 O-O 5. d4 Nc6 6. e3 d6 7. Nge2 e5 8. O-O exd4 9. exd4 Bd7 10. Be3 Qc8 11. Nf4 g5 12. Nfe2 Bh3 13. Bxg5 Bxg2 14. Kxg2 Nd7 15. Qd2 Re8 16. Bh6 Bxh6 17. Qxh6 b6 18. d5 Nce5 19. b3 f6 20. Ne4 Ng4 21. Qf4 Nge5 22. Nxf6+ Nxf6 23. Qxf6 Rf8 24. Qg5+ Ng6 25. Nd4 c5 26. Nc6 Rf7 27. Rfe1 Qf8 28. Re2 Rg7 29. Qh6 Nf4+ 30. Kf1 Nxe2 31. Kxe2 Re8+ 32. Kf1 Rg6 33. Qxf8+ Rxf8 34. Ne7+ Kg7 35. Nxg6 Kxg6 36. Re1 a5 37. Re6+ Kg5 38. Rxd6 Rb8 39. Rd7 Kg6 40. Kg2 b5 41. Rd6+ Kf7 42. Rc6 bxc4 43. bxc4 Rb2 44. d6 Rxa2 45. Rc7+ Ke8 46. Rxc5 a4 47. Ra5 a3 48. Ra7 Ra1 49. d7+ Kd8 50. Kf3 a2 51. c5 h6 52. c6 h5 53. Ra8+ Kc7 54. d8=Q+ Kxc6 55. Ra6+ Kb5 56. Qb6+ Kc4 57. Ra4+ Kc3 58. Qe3+ Kb2 59. Rb4+ Kc2 60. Qe2+ Kc3 61. Rc4+ Kb3 62. Qd3+ Kb2 63. Rc2+ Kb1 64. Qd1# 1-0

[Event "Junior Online 4NCL Division 3"]
[Site "online"]
[Date "2022.03.03"]
[EventDate "2022.03.03"]
[Round "4.157"]
[White "Marks, Rory"]
[WhiteElo "1143"]
[WhiteTeam "Muswell Hill Knights"]
[Black "Ferdhaus, Yahya"]
[BlackElo "1124"]
[BlackTeam "Brentwood School B"]
[Result "0-1"]
[PlyCount "62"]

1. e4 d5 2. exd5 Nf6 3. Nc3 Bf5 4. Bc4 c6 5. dxc6 Nxc6 6. Nf3 Nb4 7. Bb3 Qb6 8. a3 Ng4 9. O-O Nc6 10. Re1 Nxf2 11. Qe2 Nd3+ 12. Kh1 Nxe1 13. Qxe1 e6 14. Ng5 Be7 15. Nxe6 fxe6 16. Bxe6 Nd4 17. Bxf5 Nxf5 18. Qe5 Qf6 19. Qb5+ Qc6 20. Qe5 Nd6 21. Qxg7 Rf8 22. h3 Qc7 23. Nd5 Qd7 24. Qxh7 Nf5 25. Qg6+ Kd8 26. Nxe7 Qxe7 27. Qxf5 Rxf5 28. Kh2 Qc7+ 29. g3 Rf2+ 30. Kh1 Qxg3 31. d3 Qh2# 0-1

[Event "Junior Online 4NCL Division 3"]
[Site "online"]
[Date "2022.03.03"]
[EventDate "2022.03.03"]
[Round "4.158"]
[White "Van Enckevort, Noah"]
[WhiteElo "1034"]
[WhiteTeam "Brentwood School B"]
[Black "Gelmini, Leonardo"]
[BlackElo "1032"]
[BlackTeam "Muswell Hill Knights"]
[Result "1-0"]
[PlyCount "127"]

1. d4 Nf6 2. Nc3 e6 3. Nf3 d5 4. e3 Nc6 5. a3 a6 6. b4 b5 7. Ne5 Nxe5 8. dxe5 Ne4 9. Nxe4 dxe4 10. Qxd8+ Kxd8 11. g4 h6 12. Bg2 Bb7 13. O-O g5 14. f3 exf3 15. Bxf3 Bxf3 16. Rxf3 Rh7 17. e4 Rb8 18. a4 bxa4 19. Rxa4 Rxb4 20. Rxb4 Bxb4 21. c3 Bc5+ 22. Be3 Bxe3+ 23. Rxe3 Kc8 24. c4 Kb7 25. Rb3+ Kc6 26. Ra3 Kb6 27. Rb3+ Ka7 28. Kf2 Rh8 29. Rd3 Kb6 30. Rd7 Rf8 31. Ke3 c5 32. Kf3 a5 33. Kg3 Kc6 34. Rd6+ Kc7 35. Ra6 Kb7 36. Rxa5 Kb6 37. Rb5+ Kc6 38. h4 gxh4+ 39. Kxh4 Rh8 40. g5 hxg5+ 41. Kxg5 Rg8+ 42. Kf6 Rg4 43. Kxf7 Rxe4 44. Kxe6 Rxc4 45. Rb8 Rb4 46. Rh8 Kb5 47. Kd7 c4 48. e6 c3 49. e7 c2 50. e8=Q c1=Q 51. Ke6+ Kc4 52. Qc8+ Kb3 53. Qxc1 Rc4 54. Qe3+ Rc3 55. Qb6+ Kc2 56. Rh2+ Kd3 57. Rh3+ Kc2 58. Rxc3+ Kxc3 59. Ke5 Kc4 60. Qd4+ Kb5 61. Kd5 Ka5 62. Qb2 Ka4 63. Kc4 Ka5 64. Qb5# 1-0

[Event "Junior Online 4NCL Division 3"]
[Site "online"]
[Date "2022.03.03"]
[EventDate "2022.03.03"]
[Round "4.162"]
[White "Aggarwal, Kian"]
[WhiteElo "1288"]
[WhiteTeam "Chess Challengers C"]
[Black "Tager, Maya"]
[BlackElo "1039"]
[BlackTeam "Edgware Gambits E"]
[Result "0-1"]
[PlyCount "48"]

1. e4 e5 2. Nf3 Nc6 3. Bc4 Nf6 4. Nc3 Bb4 5. d3 O-O 6. a3 Bd6 7. Nd5 Be7 8. Nxe7+ Qxe7 9. Bg5 h6 10. Bh4 Qd6 11. b3 Na5 12. b4 Nxc4 13. dxc4 Qc6 14. Nxe5 Qxe4+ 15. Qe2 Qxh4 16. O-O Re8 17. f4 d6 18. Nf3 Qxf4 19. Qd3 Bf5 20. Qb3 Bg4 21. Nh4 Qd4+ 22. Kh1 Be2 23. Nf5 Qe5 24. Rf2 Qxa1+ 0-1

[Event "Junior Online 4NCL Division 3"]
[Site "online"]
[Date "2022.03.03"]
[EventDate "2022.03.03"]
[Round "4.163"]
[White "Subramonian, Ananya"]
[WhiteElo "974"]
[WhiteTeam "Edgware Gambits E"]
[Black "Sharavana, Harshith"]
[BlackElo "1236"]
[BlackTeam "Chess Challengers C"]
[Result "0-1"]
[PlyCount "56"]

1. e4 e6 2. d4 Be7 3. Nf3 Nf6 4. Nc3 d5 5. exd5 exd5 6. Bd3 O-O 7. O-O Nc6 8. h3 Re8 9. Nh4 Ne4 10. Nxe4 dxe4 11. Bxe4 Bxh4 12. Bd3 Qxd4 13. b3 Qxa1 14. Qh5 Bxf2+ 15. Kxf2 Qd4+ 16. Kg3 g6 17. Qf3 Ne5 18. Qf6 Qd6 19. Qf2 Nxd3+ 20. Qf4 Nxf4 21. Bxf4 Re3+ 22. Kf2 Qd2+ 23. Kg1 b6 24. a4 Bb7 25. Rf2 Re1+ 26. Kh2 Qxf2 27. c4 Rh1+ 28. Kxh1 Qxg2# 0-1

[Event "Junior Online 4NCL Division 3"]
[Site "online"]
[Date "2022.03.03"]
[EventDate "2022.03.03"]
[Round "4.164"]
[White "Chandrasekar, Neel"]
[WhiteElo "1230"]
[WhiteTeam "Chess Challengers C"]
[Black "Saurymper, Mylo"]
[BlackElo "1009"]
[BlackTeam "Edgware Gambits E"]
[Result "1-0"]
[PlyCount "121"]

1. d4 d5 2. c4 e6 3. Nc3 Bb4 4. Nf3 dxc4 5. e4 Nf6 6. Qc2 Nc6 7. Be3 O-O 8. Bxc4 h6 9. O-O Ne8 10. a3 Bxc3 11. bxc3 f5 12. Bf4 g5 13. Be5 Nd6 14. Bxd6 cxd6 15. exf5 d5 16. Bd3 exf5 17. Rfe1 Ne7 18. Rab1 Rb8 19. Ne5 Qd6 20. a4 Qa3 21. Ra1 Qd6 22. Rab1 b6 23. Bb5 Bb7 24. Nd7 a6 25. Nxb8 axb5 26. Rxb5 Qxb8 27. Rxe7 Bc6 28. Rb4 Re8 29. Qe2 Bd7 30. Rxe8+ Bxe8 31. Qe6+ Bf7 32. Qxb6 Qf8 33. Qb8 Kg7 34. Qxf8+ Kxf8 35. a5 Be6 36. a6 Bd7 37. a7 Bc6 38. Rb8+ Ke7 39. a8=Q Bxa8 40. Rxa8 Kd7 41. Ra5 Kd6 42. Rc5 g4 43. f3 h5 44. fxg4 hxg4 45. Kf2 f4 46. h3 g3+ 47. Kf3 Ke6 48. Kxf4 Kd6 49. Kxg3 Ke6 50. Kg4 Kd6 51. Kg5 Ke6 52. Kg6 Kd6 53. h4 Ke6 54. h5 Kd6 55. h6 Ke6 56. h7 Kd6 57. h8=Q Ke6 58. Qe5+ Kd7 59. Rc7+ Kd8 60. Qd6+ Ke8 61. Qe7# 1-0

[Event "Junior Online 4NCL Division 3"]
[Site "online"]
[Date "2022.03.03"]
[EventDate "2022.03.03"]
[Round "4.166"]
[White "Tager, Maya"]
[WhiteElo "1039"]
[WhiteTeam "Edgware Gambits E"]
[Black "Aggarwal, Kian"]
[BlackElo "1288"]
[BlackTeam "Chess Challengers C"]
[Result "0-1"]
[PlyCount "114"]

1. e4 e5 2. Nf3 Nc6 3. Bb5 Bd6 4. O-O Nf6 5. Nc3 a6 6. Bc4 Nd4 7. Ng5 Ne6 8. Nxe6 dxe6 9. d3 h6 10. h3 O-O 11. Qf3 b5 12. Bb3 c5 13. a3 b4 14. Ne2 Bb7 15. Qg3 a5 16. Bxh6 Nh5 17. Qg4 Kh7 18. Bg5 Nf6 19. Qh4+ Kg6 20. Bxf6 Qxf6 21. Qg3+ Kh7 22. c3 bxa3 23. Rxa3 c4 24. Bxc4 Bxa3 25. bxa3 Ba6 26. Bxa6 Rxa6 27. d4 exd4 28. cxd4 Qg6 29. Qf3 f5 30. exf5 Rxf5 31. Qb7 e5 32. dxe5 Rxe5 33. Nd4 Rb6 34. Qc7 Re4 35. Nf3 Rf6 36. Ne5 Qg5 37. Nf3 Rxf3 38. Qc6 Ref4 39. Qc2+ Kh6 40. Qc6+ Kh5 41. Kh2 Rf6 42. Qe8+ Kh4 43. gxf3 Qf4+ 44. Kh1 Qxf3+ 45. Kh2 Qxh3+ 46. Kg1 Kg5 47. f4+ Kg4 48. Qe2+ Kh4 49. Qf2+ Kh5 50. Qc5+ Rf5 51. Qf2 g5 52. Qf3+ g4 53. Qxh3+ gxh3 54. Rf3 Kg4 55. Rf2 Rxf4 56. Rh2 Rf3 57. Kh1 Rf1# 0-1

[Event "Junior Online 4NCL Division 3"]
[Site "online"]
[Date "2022.03.03"]
[EventDate "2022.03.03"]
[Round "4.167"]
[White "Sharavana, Harshith"]
[WhiteElo "1236"]
[WhiteTeam "Chess Challengers C"]
[Black "Subramonian, Ananya"]
[BlackElo "974"]
[BlackTeam "Edgware Gambits E"]
[Result "1-0"]
[PlyCount "49"]

1. e4 e5 2. Nf3 Nc6 3. Bc4 Bc5 4. d3 Nf6 5. Nc3 O-O 6. Bg5 Be7 7. O-O Nh5 8. Bxe7 Qxe7 9. Nd5 Qd8 10. Nxe5 Nf4 11. Nxc6 dxc6 12. Nxf4 Qg5 13. Qf3 Bg4 14. Qg3 b5 15. Bb3 Rfe8 16. Nh3 Qg6 17. Nf4 Qg5 18. f3 Rad8 19. fxg4 a5 20. Nh5 a4 21. Bxf7+ Kf8 22. Bxe8+ Kxe8 23. Qxc7 Qc5+ 24. Kh1 Rd4 25. Nxg7# 1-0

[Event "Junior Online 4NCL Division 3"]
[Site "online"]
[Date "2022.03.03"]
[EventDate "2022.03.03"]
[Round "4.168"]
[White "Saurymper, Mylo"]
[WhiteElo "1009"]
[WhiteTeam "Edgware Gambits E"]
[Black "Chandrasekar, Neel"]
[BlackElo "1230"]
[BlackTeam "Chess Challengers C"]
[Result "0-1"]
[PlyCount "134"]

1. e4 c5 2. Nf3 Nc6 3. d4 cxd4 4. Nxd4 e6 5. Bd3 Nxd4 6. Be3 Nc6 7. Nc3 Nf6 8. O-O Bb4 9. Qd2 Qa5 10. Rfd1 O-O 11. a3 Bxc3 12. bxc3 d5 13. c4 Qxd2 14. Rxd2 dxe4 15. Be2 e5 16. f4 exf4 17. Bxf4 Bg4 18. Rad1 Bxe2 19. Rxe2 Rad8 20. Red2 Rxd2 21. Rxd2 Rd8 22. Bd6 Ne8 23. c5 Nxd6 24. cxd6 f5 25. c4 Kf7 26. c5 Ne7 27. a4 b6 28. cxb6 axb6 29. h4 Ng6 30. h5 Ne5 31. Rd5 Ke6 32. Rb5 Rxd6 33. g3 Ng4 34. Kg2 Kf6 35. Kh3 e3 36. Rb1 e2 37. Re1 Re6 38. Kg2 g6 39. h6 Nxh6 40. Kf3 Ng4 41. Kf4 Re4+ 42. Kf3 Rxa4 43. Rxe2 Ne5+ 44. Kg2 Re4 45. Rb2 Nd7 46. Kf3 Ke6 47. Rb3 Kd5 48. Rd3+ Kc6 49. Rc3+ Kb7 50. Rb3 Kc6 51. Rc3+ Nc5 52. Rc2 b5 53. Rc1 b4 54. Rb1 b3 55. Rb2 Rb4 56. Ke3 Kd5 57. Kd2 Ne4+ 58. Kd3 Nxg3 59. Kc3 Kc5 60. Rb1 b2 61. Kc2 f4 62. Kc3 f3 63. Kc2 f2 64. Rd1 b1=Q+ 65. Kc3 Qb3+ 66. Kd2 Rd4+ 67. Kc1 Rxd1# 0-1